000 02881nam0a2200445 4500
001 RU\NLR\bibl\731653
005 20250613235929.0
010 _a5-7992-0113-2
_9500
021 _aRU
_b2004-53901
_92644
035 _aRSL-KNO-002466858
035 _a(NLR Aleph) 000721608
090 _a706510
_c706510
100 _a20040907d2001 |||y0rusy50 ca
101 0 _arus
_deng
102 _aRU
105 _aa |||||||||
106 _ar
200 1 _aПроисхождение, распространение и история возделывания культурных растений Северного Кавказа
_dOrigin, dissemination and history of cultural plants cultivation in the Northern Caucasus
_fА.Х. Шеуджен, Е.М. Харитонов, Т.Н. Бондарева
_gпод ред. акад. РАЕН А.Х. Шеуджена
_gАдыг. регион. межотраслевое отд-ние, Рос. акад. естеств. наук
_zeng
210 _aМайкоп
_cАдыгея
_d2001
215 _a602 с.
_cил.
_d27
300 _aАвт. также на англ. яз.: A.Kh. Sheudzhen, E.M. Kharitonov, T.N. Bondareva
320 _aБиблиогр.: с. 546-586 (1026 назв.)
320 _aУказ. лат. назв. растений: с. 587-601
510 1 _aOrigin, dissemination and history of cultural plants cultivation in the Northern Caucasus
_zeng
606 0 _aКультурные растения
_yКавказ Северный
_92366747
_3RU\NLR\auth\661412918
610 0 _aСельское и лесное хозяйство. Сельскохозяйственные и лесохозяйственные науки -- Общее растениеводство -- Биологические основы растениеводства -- Происхождение и эволюция культурных растений
610 0 _aСельское и лесное хозяйство. Сельскохозяйственные и лесохозяйственные науки -- Российская Федерация -- Северный Кавказ -- Биологические основы растениеводства
686 _aП122,0
_2rubbk
686 _aП9(2Р37)12,0
_2rubbk
686 _aП122(2Р37)
700 1 _4070
_7ca
_8rus
_aШеуджен
_bА. Х.
_cд-р биол. наук
_f1952-
_gАсхад Хазретович
_9164500
_3RU\NLR\AUTH\770164544
701 1 _aХаритонов
_bЕ. М.
_gЕвгений Михайлович
_4070
701 1 _4070
_aБондарева
_bТ. Н.
_cканд. с.-х. наук
_gТатьяна Николаевна
_9235199
_3RU\NLR\AUTH\770235255
801 0 _aRU
_bRuMoRKP
_c20040907
_grcr
801 1 _aRU
_bRuMoRGB
_c20040907
801 2 _aRU
_bNLR
_c20050304
_gPSBO
942 _cBOOK
980 _aNB